000 04000nab a2200277 i 4500
003 BR-BrBNA
005 20251207080707.0
008 251207b2024 bl.ar|pooa||| 00| 0 eng |
040 _aBR-BrBNA
_beng
072 _aF70
100 _aGuimarães, Gabriel Silva
100 _aNunes-Freitas, André Felippe
100 _aBaumgratz, José Fernando Andrade
245 _aFlora and Phytophysiognomies of an Atlantic Forest remnant on the coast of Southeast Brazil
500 _aPublicação on-line; Bibliography p. 23-26 (72 ref.); 4 tables; 23 illus.; Summaries (En, Pt)
520 _a Abstract The present work describes the phytophysiognomies and inventories the remaining floristic diversity of the Brisas Environmental Protection Area, which is located on the coast of Sepetiba Bay in the state of Rio de Janeiro, Brazil, covering approximately 101 hectares. Three phytophysiognomies were identified and described, namely Restinga, the Lowland Dense Ombrophylous Forest and the Mangrove. Different types of vegetation can be recognized for Restinga, such as beaches and dunes, those located on sandy ridges, in this case represented by Low and High Restinga forests, and the vegetation associated with depressions, such as the Swampy Restinga and Swampy forest. The floristic survey identified 311 species, distributed in 231 genera and 86 families. Herbaceous plants represent 29.26% of the flora, followed by vines (27.75%), trees (27.33%), shrubs (14.46%) and epiphytes (4%). Restinga is home to 81% of the flora, followed by the Lowland Dense Ombrophylous Forest (28.30%) and the Mangrove (2.25%). The most representative families were Fabaceae (38 spp.), Euphorbiaceae (15 spp.), Asteraceae (14 spp.) and Sapindaceae (14 spp.). The area has low floristic similarity with other areas of the state of Rio de Janeiro, but it has a greater grouping with restingas from the state of Rio de Janeiro. Key words: Brisas EPA, floristic, Lowland Dense Ombrophylous Forest, Restinga, Mangrove. Resumo O presente trabalho descreve as fitofisionomias e inventaria a diversidade florística remanescente da Área de Proteção Ambiental das Brisas, que se localiza no litoral da Baía de Sepetiba, no estado do Rio de Janeiro, possuindo cerca de 101 hectares. Foram identificadas e descritas três fitofisionomias, a saber, Restinga, a mais predominante, a Floresta Ombrófila Densa de Terras Baixas e o Manguezal. Para a Restinga pode-se reconhecer diferentes tipos de vegetação, como a de Praias e Dunas, as situadas sobre Cordões Arenosos, neste caso representadas por Florestas Baixa e Alta de Restinga, e a vegetação associada às depressões, como o Brejo de Restinga e a Floresta Paludosa. O levantamento florístico identificou 311 espécies, distribuídas em 231 gêneros e 86 famílias. As plantas herbáceas representam 29,26% da flora, seguido das trepadeiras (27,75%), arbóreas (27,33%), arbustivas (14,46%) e epífitas (4%). A Restinga abriga 81% da flora, seguida pela Floresta Ombrófila Densa de Terras Baixas (28,30%) e o Manguezal (2,25%). As famílias mais representativas foram Fabaceae (38 spp.), Euphorbiaceae (15 spp.), Asteraceae (14 spp.), Sapindaceae (14 spp.) e Malvaceae (13 spp). A área tem baixa similaridade florística com outras áreas do estado do Rio de Janeiro, porém apresenta maior agrupamento com restingas fluminenses. Palavras-chave: APA das Brisas, florística, Floresta Ombrófila de Terras Baixas, Restinga, Manguezal.
650 _aCOMPOSIÇÃO BOTÂNICA
650 _aFLORESTA
650 _aRESTINGA
650 _aMANGUEZAL
650 _aPROTEÇÃO AMBIENTAL
773 0 _0709
_9359346
_dRio de Janeiro-RJ Jardim Botanico do Rio de Janeiro 1935
_o2025-7320
_tRodriguésia (Brazil)
_x0370-6583; 2175-7860 on-line
_gv. 75 p. 1-26; (2024)
_wBR2025004439
856 _uhttps://www.scielo.br/j/rod/a/9HXjs3DB5ZsBbny54WCTQvF/?format=pdf&lang=en
942 _cANA
999 _c339373
_d339373